000 00640nam a2200241Ia 4500
003 OSt
005 20220918210748.0
006 a|||||r|||| 00| 0
007 ta
008 220917b |||||||| |||| 00| 0 eng d
024 _a121,921
037 _cTextual
040 _aARTS
_cARTS
_beng
041 _2eng
_aeng
082 _aWv1(Q7).N7-D6, M0;N4
100 _aEngineer Asghar Ali
_937946
245 0 _aIslamic state
260 _aNew Delhi
_bVikas
_c1994
300 _a211p.
_ccm.
650 _aPOLITICAL SCIENCE
942 _hWv1(Q7).N7-D6, M0;N4
_cTEXL
_2CC
999 _c245120
_d245120